<?xml version="1.0" encoding="UTF-8"?><?xml-stylesheet type="text/xsl" href="static/style.xsl"?><OAI-PMH xmlns="http://www.openarchives.org/OAI/2.0/" xmlns:xsi="http://www.w3.org/2001/XMLSchema-instance" xsi:schemaLocation="http://www.openarchives.org/OAI/2.0/ http://www.openarchives.org/OAI/2.0/OAI-PMH.xsd"><responseDate>2026-04-13T07:37:16Z</responseDate><request verb="GetRecord" identifier="oai:www.recercat.cat:2072/251742" metadataPrefix="marc">https://recercat.cat/oai/request</request><GetRecord><record><header><identifier>oai:recercat.cat:2072/251742</identifier><datestamp>2024-12-13T10:36:31Z</datestamp><setSpec>com_2072_63425</setSpec><setSpec>com_2072_63424</setSpec><setSpec>com_2072_63412</setSpec><setSpec>com_2072_2015</setSpec><setSpec>col_2072_63426</setSpec></header><metadata><record xmlns="http://www.loc.gov/MARC21/slim" xmlns:dcterms="http://purl.org/dc/terms/" xmlns:xsi="http://www.w3.org/2001/XMLSchema-instance" xmlns:doc="http://www.lyncode.com/xoai" xsi:schemaLocation="http://www.loc.gov/MARC21/slim http://www.loc.gov/standards/marcxml/schema/MARC21slim.xsd">
   <leader>00925njm 22002777a 4500</leader>
   <datafield ind2=" " ind1=" " tag="042">
      <subfield code="a">dc</subfield>
   </datafield>
   <datafield ind2=" " ind1=" " tag="720">
      <subfield code="a">Arguedas Lafuente, Marta</subfield>
      <subfield code="e">author</subfield>
   </datafield>
   <datafield ind2=" " ind1=" " tag="520">
      <subfield code="a">The research issue that we want to answer in this work is the management of emotions during interaction of students in virtual collaborative learning environments. Our research, at theoretical-conceptual level, claims to build a solid theoretical base incorporating and expanding ideas and proposals for an innovative approach. Moreover, at technological level, it claims to translate this framework in the design and implementation of a robust computer system that captures and integrates all the theoretical ideas.</subfield>
   </datafield>
   <datafield ind2=" " ind1=" " tag="520">
      <subfield code="a">El tema de recerca que volem respondre en aquest treball és la gestió de les emocions durant la interacció dels estudiants en entorns virtuals d'aprenentatge col·laboratiu. La nostra investigació, a nivell teòric-conceptual, pretén construir una base teòrica sòlida incorporant i ampliant les idees i propostes per a un enfocament innovador. D'altra banda, a nivell tecnològic, pretén traduir aquest marc en el disseny i implementació d'un sistema informàtic robust que captura i integra totes les idees teòriques.</subfield>
   </datafield>
   <datafield ind2=" " ind1=" " tag="520">
      <subfield code="a">El tema de investigación que queremos responder en este trabajo es la gestión de las emociones durante la interacción de los estudiantes en entornos virtuales de aprendizaje colaborativo. Nuestra investigación, a nivel teórico-conceptual, pretende construir una base teórica sólida incorporando y ampliando las ideas y propuestas para un enfoque innovador. Por otra parte, a nivel tecnológico, pretende traducir este marco en el diseño e implementación de un sistema informático robusto que captura e integra todas las ideas teóricas.</subfield>
   </datafield>
   <datafield ind1="8" ind2=" " tag="024">
      <subfield code="a">http://hdl.handle.net/10609/42926</subfield>
   </datafield>
   <datafield tag="653" ind2=" " ind1=" ">
      <subfield code="a">e-learning</subfield>
   </datafield>
   <datafield tag="653" ind2=" " ind1=" ">
      <subfield code="a">e-learning</subfield>
   </datafield>
   <datafield tag="653" ind2=" " ind1=" ">
      <subfield code="a">e-learning</subfield>
   </datafield>
   <datafield tag="653" ind2=" " ind1=" ">
      <subfield code="a">computer-supported collaborative learning</subfield>
   </datafield>
   <datafield tag="653" ind2=" " ind1=" ">
      <subfield code="a">aprenentatge col·laboratiu assistit per ordinador</subfield>
   </datafield>
   <datafield tag="653" ind2=" " ind1=" ">
      <subfield code="a">aprendizaje colaborativo asistido por ordenador</subfield>
   </datafield>
   <datafield tag="653" ind2=" " ind1=" ">
      <subfield code="a">Web-based instruction -- TFM</subfield>
   </datafield>
   <datafield tag="653" ind2=" " ind1=" ">
      <subfield code="a">Ensenyament virtual -- TFM</subfield>
   </datafield>
   <datafield tag="653" ind2=" " ind1=" ">
      <subfield code="a">Enseñanza virtual -- TFM</subfield>
   </datafield>
   <datafield ind2="0" ind1="0" tag="245">
      <subfield code="a">Emotions awareness on virtual learning students</subfield>
   </datafield>
</record></metadata></record></GetRecord></OAI-PMH>